00909nam a22002537a 450000500170000001000130001702000210003003500130005103700160006404000120008008200130009210000210010524501280012626000430025427000410029730000240033850000510036265000350041365000220044870000240047094200220049499900190051695201200053520170124110218.0 aA-260658B c00.00a071008398 aA-260658 bCen Lib/Ret aDPLbEN a220bMAR aMargaret 939438 aA dictionary of hinduism :cby Margaret [and] James Stutley bits mythology, folhlore and development 1500B.C. - AD. 1500 / aNew Delhi bHeritage Publishers c1986 bNew Delhi a4C, ansari road e110002 axx, 372p.c25cm(Hb) aIncludes bibliographical references and index  aHinduism vDictionaries 98878 aMythology 939439 aStutley, James 950 2ddccENh220mMAR c133982d133982 00104070aLbLd2015-07-28eCen Lib/Retg0.00l0o220 MARpA-260658r2015-07-28 00:00:00t1v0.00w2015-07-28yEN